| 000 | 00331nam a2200133Ia 4500 | ||
|---|---|---|---|
| 005 | 20260328101441.0 | ||
| 008 | 260328s9999||||xx |||||||||||||| ||und|| | ||
| 100 | _aSterner, Gabriele | ||
| 245 | 0 |
_aArt Nouveau - Modernismo / _cGabriele Sterner |
|
| 260 | _bGoethe Institut | ||
| 300 | _a62 p. | ||
| 650 | _aART NOUVEAU | ||
| 942 | _cBK | ||
| 999 |
_c8269 _d8269 |
||